| 000 | 00823cam a22002535a 4500 | ||
|---|---|---|---|
| 001 | 016602605 | ||
| 003 | OSt | ||
| 005 | 20161127150126.0 | ||
| 008 | 131230t2014 enka frb 001 0 eng d | ||
| 020 | _a9781292041162 | ||
| 020 | _a1292041161 | ||
| 040 |
_aStDuBDS _beng _cStDuBDS _dUk _dEG-ScBUE |
||
| 082 | 0 | 4 |
_a370.15 _222 _bORM |
| 100 | 1 |
_aOrmrod, Jeanne Ellis. _936409 |
|
| 245 | 1 | 0 |
_aEducational psychology : _bdeveloping learners / _cJeanne Ellis Ormrod. |
| 250 | _a8th ed., Pearson new international ed. | ||
| 260 |
_aHarlow : _bPearson Education Limited, _cc.2014. |
||
| 300 |
_aii, 579 p. : _bill. ; _c28 cm. |
||
| 490 | 0 | _aPearson custom library | |
| 504 | _aIncludes bibliographical references and index. | ||
| 650 | 7 |
_aEducational psychology. _2BUEsh _95967 |
|
| 653 |
_bHHUUPPSS _cNovember2016 |
||
| 942 | _2ddc | ||
| 999 |
_c23362 _d23334 |
||